|
|
|
|
| LEADER |
00000nab a2200000 ar4500 |
| 001 |
vtls010346392 |
| 003 |
SK-MaSNL |
| 005 |
20260305042805.0 |
| 008 |
120308c2011 xo |r|p|||an |000 b|slo |
| 015 |
|
|
|a SNBRB2012/03
|
| 038 |
|
|
|a SPK
|
| 040 |
|
|
|a SPKCL
|b slo
|c AACR2
|e AACR2
|
| 041 |
0 |
|
|a slo
|b slo
|
| 044 |
|
|
|a xo
|c SK
|
| 072 |
|
7 |
|a 159.93/.94
|x Senzorické a motorické funkcie. Emócie. Vôľa
|2 konspekt
|
| 072 |
|
7 |
|a 371
|x Školstvo (organizácia)
|2 konspekt
|
| 080 |
|
|
|a 159.942
|2 2001
|
| 080 |
|
|
|a 371.214
|2 2001
|
| 100 |
1 |
|
|a Slovíková, Mária
|4 aut
|9 11916
|
| 245 |
1 |
0 |
|a Preventívny program "Cesta k emocionálnej zrelosti" v školskom roku 2010/2011
|c Mária Slovíková, Margita Brandisová
|
| 300 |
|
|
|b Grafy, tab.
|
| 504 |
|
|
|a Bibliogr. odkazy
|
| 546 |
|
|
|a Res. slov.
|
| 610 |
2 |
7 |
|a Cesta k emocionálnej zrelosti (program)
|2 snkbucl
|9 696359
|
| 650 |
0 |
7 |
|a emocionálna inteligencia
|2 snkbucl
|9 69969
|
| 650 |
0 |
7 |
|a vzdelávacie programy
|2 snkbucl
|9 4069
|
| 700 |
1 |
|
|a Brandisová, Margita
|4 aut
|9 1162625
|
| 773 |
0 |
|
|t Prevencia : informačný bulletin zameraný na prevenciu sociálno-patologických javov v rezorte školstva
|g Roč. X, č. 4(2011), s. 8-16
|x 1336-3689
|
| 852 |
|
|
|a SPK
|b KIS3GCP
|
| 958 |
|
|
|a NB
|2 spk
|
| 999 |
|
|
|c 3351007
|d 3352937
|